Módulo I : (Registro nro. 10040)
[ vista simple ]
| 000 -LIDER | |
|---|---|
| fixed length control field | 00985nam a22002537a 4500 |
| 001 - NÚMERO DE CONTROL | |
| Identificador de número de control | 2356 |
| 003 - IDENTIFICACDOR DE NÚMERO DE CONTROL | |
| control field | DO-SdBNP |
| 005 - DATE AND TIME OF LATEST TRANSACTION | |
| control field | 20180315104938.0 |
| 007 - CAMPOS FIJOS DE DESCRIPCIÓN FÍSICA | |
| fixed length control field | 2356 |
| 008 - ELEMENTOS DE LONGITUD FIJA | |
| fixed length control field | 160509b 2013 dr ||||| |||| 00| 0 spa d |
| 040 ## - FUENTE DE CATALOGACIÓN | |
| Agencia que crea de manera original el registro | BPMSU |
| Idioma de catalogación | spa |
| Agencia que realiza la transcripción | BPMSU |
| 245 ## - MENCIÓN DE TITULO | |
| Título | Módulo I : |
| Subtítulo | primer ciclo de educación básica de personas jóvenes y adultas / |
| Mención de responsabilidad | producción Nicolás Guevara ; coordinación Mirían Camilo Recio ; ilustración Ramón L. Sandoval, Víctor Nolasco |
| 260 ## - PUBLICACIÓN, DISTRIBUCIÓN, ETC. (PIE DE IMPRENTA) | |
| Lugar de publicación, distribución, etc | Santo Domingo : |
| Nombre del editor, distribuidor, etc. | Ministerio de Educación |
| Fecha de publicación, distribución, etc | 2013 |
| 300 ## - DESCRIPCIÓN FÍSICA | |
| Extensión | 160 p. : |
| Otros detalles físicos | il. ; |
| Dimensiones | 29 cm. |
| 500 ## - NOTA GENERAL | |
| Nota general | Contiene la guía metodológica para docentes y / o facilitadores |
| 505 ## - NOTA DE CONTENIDO | |
| Texto normalizado de contenido | Módulo I : |
| Título | Soy persona |
| 700 ## - ASIENTO SECUNDARIO -- NOMBRE PERSONAL | |
| Nombre personal | Guevara, Nicolás |
| 700 ## - ASIENTO SECUNDARIO -- NOMBRE PERSONAL | |
| Nombre personal | Sandoval, Ramón L. |
| Mención de responsabilidad | il. |
| 700 ## - ASIENTO SECUNDARIO -- NOMBRE PERSONAL | |
| Nombre personal | Nolasco, Víctor |
| Mención de responsabilidad | il. |
| 710 ## - ASIENTO SECUNDARIO -- NOMBRE CORPORATIVO | |
| Nombre corporativo o de jurisdicción | República Dominicana |
| Unidad subordinada | Ministerio de Educación |
| 942 ## - ADDED ENTRY ELEMENTS (KOHA) | |
| Source of classification or shelving scheme | Dewey Decimal Classification |
| Koha item type | Libros |
| 945 ## - INFORMACIÓN DE PROCESAMIENTO LOCAL | |
| Información de procesamiento local | Remanejado para la BNPHU / 2018 VM |
| 956 ## - LOCAL ELECTRONIC LOCATION AND ACCESS (OCLC) | |
| Método de acceso | VMATEO |
| Materiales especificados | 10 |
| Enlace | 20160509 |
| Campo enlazado y núm. de secuencia | BPMSU |
| Nombre de host | 0069 |
| Withdrawn status | Lost status | Source of classification or shelving scheme | Damaged status | Not for loan | Collection code | Home library | Current library | Date acquired | Source of acquisition | Total Checkouts | Barcode | Date last seen | Price effective from | Koha item type |
|---|---|---|---|---|---|---|---|---|---|---|---|---|---|---|
| Dewey Decimal Classification | Colección Escolar | Biblioteca Pública Metropolitana Salomé Ureña | Biblioteca Pública Metropolitana Salomé Ureña | 05/09/2016 | FUNDI | BPMET16050168 | 05/09/2016 | 05/09/2016 | Libros |